000 00470nam a2200181Ia 4500
003 GCL
008 140319s9999 xx 000 0 eng d
040 _aGCL /
_cGCL
082 0 4 _a944.5
_bW F
100 1 _aWILKINSON, RICHARD H.
245 1 0 _aFRANCE AND THE CARDINALS 1610 - 16 /
_cWILKINSON, RICHARD H.
260 _a[S.N] :
_bHODDER AND STOUGHTON ،
_c1995
300 _a136 P
650 0 4 _aHISTORY
650 0 4 _aFRANCE
650 0 4 _aCARDINALS
942 _2ddc
_cBK
999 _c25169
_d25169